Code Cracker! XIV Quiz Stats

 Plays Quiz Updated Apr 6, 2018

Also try: Code Cracker! XIII
Challenge
Share
Tweet
Score 0/182 Timer 04:00
8 Plays Today
% Correct
✔​
100%
Y​
100%
Y​
100%
Y​
100%
Y​
100%
✔​
93.3%
E​
93.3%
E​
93.3%
E​
93.3%
E​
93.3%
E​
93.3%
E​
93.3%
E​
93.3%
E​
93.3%
E​
93.3%
E​
93.3%
E​
93.3%
E​
93.3%
E​
93.3%
E​
93.3%
E​
93.3%
E​
93.3%
E​
93.3%
E​
93.3%
✔​
92.2%
A​
92.2%
A​
92.2%
A​
92.2%
A​
92.2%
A​
92.2%
A​
92.2%
A​
92.2%
A​
92.2%
A​
92.2%
A​
92.2%
A​
92.2%
✔​
91.8%
S​
91.8%
S​
91.8%
S​
91.8%
S​
91.8%
S​
91.8%
S​
91.8%
S​
91.8%
S​
91.8%
S​
91.8%
S​
91.8%
S​
91.8%
90.4%
O​
90.4%
O​
90.4%
O​
90.4%
O​
90.4%
O​
90.4%
O​
90.4%
O​
90.4%
O​
90.4%
O​
90.4%
O​
90.4%
O​
90.4%
O​
90.4%
% Correct
O​
90.4%
✔​
90.2%
T​
90.2%
T​
90.2%
T​
90.2%
T​
90.2%
T​
90.2%
T​
90.2%
T​
90.2%
88.7%
I​
88.7%
I​
88.7%
I​
88.7%
I​
88.7%
I​
88.7%
I​
88.7%
I​
88.7%
I​
88.7%
I​
88.7%
I​
88.7%
I​
88.7%
I​
88.7%
I​
88.7%
I​
88.7%
✔​
88.4%
R​
88.4%
R​
88.4%
R​
88.4%
R​
88.4%
R​
88.4%
R​
88.4%
R​
88.4%
R​
88.4%
R​
88.4%
✔​
87.8%
B​
87.8%
B​
87.8%
B​
87.8%
B​
87.8%
B​
87.8%
B​
87.8%
B​
87.8%
✔​
87.4%
N​
87.4%
N​
87.4%
N​
87.4%
N​
87.4%
N​
87.4%
N​
87.4%
N​
87.4%
N​
87.4%
N​
87.4%
✔​
87%
D​
87%
D​
87%
D​
87%
D​
87%
D​
87%
D​
87%
86.9%
L​
86.9%
% Correct
L​
86.9%
L​
86.9%
L​
86.9%
L​
86.9%
L​
86.9%
L​
86.9%
L​
86.9%
✔​
82.1%
F​
82.1%
F​
82.1%
F​
82.1%
F​
82.1%
✔​
80.8%
P​
80.8%
P​
80.8%
P​
80.8%
✔​
80.4%
G​
80.4%
G​
80.4%
G​
80.4%
G​
80.4%
✔​
80.3%
W​
80.3%
W​
80.3%
W​
80.3%
✔​
79.1%
H​
79.1%
H​
79.1%
✔​
78.7%
X​
78.7%
✔​
78.6%
U​
78.6%
U​
78.6%
U​
78.6%
U​
78.6%
U​
78.6%
U​
78.6%
✔​
78%
M​
78%
M​
78%
M​
78%
75.1%
Z​
75.1%
Z​
75.1%
Z​
75.1%
✔​
75%
C​
75%
C​
75%
✔​
73.5%
V​
73.5%
V​
73.5%
✔​
73.5%
Q​
73.5%
Q​
73.5%
✔​
69.5%
K​
69.5%
K​
69.5%
K​
69.5%
✔​
64.7%
J​
64.7%

You're not logged in!

Compare scores with friends on all Sporcle quizzes.
OR
Log In

You Might Also Like...

Show Comments

Extras

Top Quizzes Today


Score Distribution

Your Account Isn't Verified!

In order to create a playlist on Sporcle, you need to verify the email address you used during registration. Go to your Sporcle Settings to finish the process.

Report this User

Report this user for behavior that violates our Community Guidelines.

Details: